[Event "DVM U12 2023"]
[Site "Magdeburg GER"]
[Date "2023.12.27"]
[Round "2"]
[White "Wagner, Cosima Thien-An"]
[Black "Vinogradov, Ilia"]
[Result "0-1"]
[Termination "normal"]
[Board "6.1"]
[WhiteElo "1531"]
[BlackElo "1583"]
[WhiteClock "00:44:38"]
[BlackClock "00:07:29"]
[WhiteTeam "TV Tegernsee"]
[BlackTeam "SV 1947 Walldorf"]
[PlyCount "108"]
[WhiteFideId "34603484"]
[BlackFideId "34603166"]
[EventCountry "GER"]
[EventRounds "7"]
[EventType "team-swiss"]
[EventDate "2023.12.26"]

1. e4 {[%clk 01:30:59]} {[%emt 00:00:03]} e5 {[%clk 01:30:53]} {[%emt
00:00:07]} 2. Nf3 {[%clk 01:31:25]} {[%emt 00:00:04]} Nc6 {[%clk 01:31:19]}
{[%emt 00:00:04]} 3. Bb5 {[%clk 01:31:48]} {[%emt 00:00:08]} a6 {[%clk
01:31:44]} {[%emt 00:00:05]} 4. Ba4 {[%clk 01:32:14]} {[%emt 00:00:03]} Nf6
{[%clk 01:32:07]} {[%emt 00:00:07]} 5. Nc3 {[%clk 01:32:36]} {[%emt 00:00:09]}
b5 {[%clk 01:31:42]} {[%emt 00:00:55]} 6. Bb3 {[%clk 01:33:02]} {[%emt
00:00:04]} Be7 {[%clk 01:26:10]} {[%emt 00:06:02]} 7. O-O {[%clk 01:26:53]}
{[%emt 00:06:38]} O-O {[%clk 01:22:34]} {[%emt 00:04:07]} 8. d4 {[%clk
01:23:47]} {[%emt 00:03:34]} exd4 {[%clk 01:21:38]} {[%emt 00:01:27]} 9. Nxd4
{[%clk 01:24:07]} {[%emt 00:00:10]} Nxd4 {[%clk 01:20:50]} {[%emt 00:01:18]}
10. Qxd4 {[%clk 01:24:12]} {[%emt 00:00:25]} c5 {[%clk 01:20:55]} {[%emt
00:00:26]} 11. Qd1 {[%clk 01:01:32]} {[%emt 00:23:10]} c4 {[%clk 01:17:54]}
{[%emt 00:03:32]} 12. e5 {[%clk 01:00:45]} {[%emt 00:01:16]} Ne8 {[%clk
01:14:21]} {[%emt 00:04:03]} 13. Bxc4 {[%clk 01:00:51]} {[%emt 00:00:24]} bxc4
{[%clk 01:14:03]} {[%emt 00:00:48]} 14. Qd5 {[%clk 01:00:32]} {[%emt 00:00:49]}
Nc7 {[%clk 01:13:09]} {[%emt 00:01:24]} 15. Qxc4 {[%clk 00:59:45]} {[%emt
00:01:17]} d5 {[%clk 00:54:48]} {[%emt 00:18:51]} 16. Qd3 {[%clk 00:50:46]}
{[%emt 00:09:28]} Bb7 {[%clk 00:46:03]} {[%emt 00:09:15]} 17. Qg3 {[%clk
00:45:32]} {[%emt 00:05:43]} Bh4 {[%clk 00:42:51]} {[%emt 00:03:43]} 18. Qg4
{[%clk 00:45:40]} {[%emt 00:00:22]} Bc8 {[%clk 00:41:25]} {[%emt 00:01:56]} 19.
Qf3 {[%clk 00:43:59]} {[%emt 00:02:12]} f6 {[%clk 00:36:09]} {[%emt 00:05:46]}
20. Qe2 {[%clk 00:37:47]} {[%emt 00:06:41]} fxe5 {[%clk 00:31:48]} {[%emt
00:04:52]} 21. Qxe5 {[%clk 00:36:33]} {[%emt 00:01:43]} Bf6 {[%clk 00:31:20]}
{[%emt 00:00:59]} 22. Qg3 {[%clk 00:35:06]} {[%emt 00:01:56]} Nb5 {[%clk
00:29:02]} {[%emt 00:02:49]} 23. Nxb5 {[%clk 00:33:49]} {[%emt 00:01:48]} axb5
{[%clk 00:29:19]} {[%emt 00:00:13]} 24. Qd3 {[%clk 00:31:06]} {[%emt 00:03:12]}
Bb7 {[%clk 00:27:36]} {[%emt 00:02:15]} 25. c3 {[%clk 00:29:26]} {[%emt
00:02:09]} Ba6 {[%clk 00:24:45]} {[%emt 00:03:22]} 26. Rd1 {[%clk 00:23:43]}
{[%emt 00:06:11]} b4 {[%clk 00:22:56]} {[%emt 00:02:20]} 27. Qxd5+ {[%clk
00:23:26]} {[%emt 00:00:47]} Qxd5 {[%clk 00:23:19]} {[%emt 00:00:07]} 28. Rxd5
{[%clk 00:23:53]} {[%emt 00:00:03]} bxc3 {[%clk 00:23:30]} {[%emt 00:00:19]}
29. bxc3 {[%clk 00:23:49]} {[%emt 00:00:34]} Bxc3 {[%clk 00:21:25]} {[%emt
00:02:34]} 30. Rb1 {[%clk 00:22:59]} {[%emt 00:01:20]} Bc4 {[%clk 00:19:29]}
{[%emt 00:02:27]} 31. Rd1 {[%clk 00:20:15]} {[%emt 00:03:14]} Rxa2 {[%clk
00:18:21]} {[%emt 00:01:38]} 32. Be3 {[%clk 00:20:18]} {[%emt 00:00:26]} Rfa8
{[%clk 00:15:12]} {[%emt 00:03:40]} 33. Rdc1 {[%clk 00:15:54]} {[%emt
00:04:55]} Ra1 {[%clk 00:13:44]} {[%emt 00:01:58]} 34. h3 {[%clk 00:15:17]}
{[%emt 00:01:07]} Rxb1 {[%clk 00:13:09]} {[%emt 00:01:05]} 35. Rxb1 {[%clk
00:15:42]} {[%emt 00:00:05]} Ra1 {[%clk 00:13:06]} {[%emt 00:00:33]} 36. Rxa1
{[%clk 00:16:00]} {[%emt 00:00:12]} Bxa1 {[%clk 00:13:31]} {[%emt 00:00:05]}
37. Kh2 {[%clk 00:16:22]} {[%emt 00:00:07]} Kf7 {[%clk 00:12:36]} {[%emt
00:01:25]} 38. Kg3 {[%clk 00:16:35]} {[%emt 00:00:16]} Kf6 {[%clk 00:11:53]}
{[%emt 00:01:15]} 39. f4 {[%clk 00:16:28]} {[%emt 00:00:37]} Kf5 {[%clk
00:10:57]} {[%emt 00:01:26]} 40. Kf3 {[%clk 00:16:04]} {[%emt 00:00:54]} Bd5+
{[%clk 00:11:07]} {[%emt 00:00:19]} 41. Kf2 {[%clk 00:16:19]} {[%emt 00:00:15]}
h5 {[%clk 00:10:11]} {[%emt 00:01:26]} 42. Kg3 {[%clk 00:16:02]} {[%emt
00:00:47]} Bc3 {[%clk 00:09:36]} {[%emt 00:01:06]} 43. Kh4 {[%clk 00:15:55]}
{[%emt 00:00:36]} Be1+ {[%clk 00:30:19]} {[%emt 00:09:47]} 44. g3 {[%clk
00:45:26]} {[%emt 00:00:59]} Bf3 {[%clk 00:28:25]} {[%emt 00:02:24]} 45. Bc5
{[%clk 00:44:06]} {[%emt 00:01:51]} Bc3 {[%clk 00:13:36]} {[%emt 00:15:19]} 46.
Be7 {[%clk 00:43:43]} {[%emt 00:00:53]} Bf6+ {[%clk 00:12:10]} {[%emt
00:01:56]} 47. Bxf6 {[%clk 00:44:00]} {[%emt 00:00:12]} gxf6 {[%clk 00:07:10]}
{[%emt 00:05:30]} 48. g4+ {[%clk 00:44:15]} {[%emt 00:00:15]} hxg4 {[%clk
00:07:14]} {[%emt 00:00:26]} 49. Kg3 {[%clk 00:43:53]} {[%emt 00:00:52]} gxh3
{[%clk 00:06:47]} {[%emt 00:00:58]} 50. Kxf3 {[%clk 00:44:11]} {[%emt
00:00:11]} h2 {[%clk 00:07:12]} {[%emt 00:00:05]} 51. Kg2 {[%clk 00:44:36]}
{[%emt 00:00:05]} Kxf4 {[%clk 00:07:36]} {[%emt 00:00:07]} 52. Kxh2 {[%clk
00:44:48]} {[%emt 00:00:17]} Ke3 {[%clk 00:07:43]} {[%emt 00:00:23]} 53. Kg2
{[%clk 00:45:11]} {[%emt 00:00:06]} f5 {[%clk 00:07:25]} {[%emt 00:00:50]} 54.
Kg1 {[%clk 00:44:38]} {[%emt 00:01:02]} Ke2 {[%clk 00:07:29]} {[%emt 00:00:26]}
0-1

[Event "DVM U12 2023"]
[Site "Magdeburg GER"]
[Date "2023.12.27"]
[Round "2"]
[White "Yan, Haichen"]
[Black "Greive, Jakob"]
[Result "0-1"]
[Termination "normal"]
[Board "6.2"]
[WhiteElo "1403"]
[BlackElo "1558"]
[WhiteClock "00:47:55"]
[BlackClock "00:43:07"]
[WhiteTeam "SV 1947 Walldorf"]
[BlackTeam "TV Tegernsee"]
[PlyCount "122"]
[WhiteFideId "34607951"]
[BlackFideId "34603476"]
[EventCountry "GER"]
[EventRounds "7"]
[EventType "team-swiss"]
[EventDate "2023.12.26"]

1. d4 {[%clk 01:30:55]} {[%emt 00:00:05]} d5 {[%clk 01:30:53]} {[%emt
00:00:07]} 2. c4 {[%clk 01:31:20]} {[%emt 00:00:05]} e6 {[%clk 01:31:08]}
{[%emt 00:00:14]} 3. Nc3 {[%clk 01:31:44]} {[%emt 00:00:07]} Nf6 {[%clk
01:31:20]} {[%emt 00:00:18]} 4. cxd5 {[%clk 01:32:05]} {[%emt 00:00:09]} exd5
{[%clk 01:31:41]} {[%emt 00:00:09]} 5. Bg5 {[%clk 01:32:29]} {[%emt 00:00:06]}
Be6 {[%clk 01:30:52]} {[%emt 00:01:19]} 6. e3 {[%clk 01:32:09]} {[%emt
00:00:50]} c5 {[%clk 01:30:21]} {[%emt 00:00:59]} 7. Bb5+ {[%clk 01:28:36]}
{[%emt 00:04:04]} Nc6 {[%clk 01:27:55]} {[%emt 00:02:56]} 8. Qa4 {[%clk
01:28:15]} {[%emt 00:00:51]} Bd7 {[%clk 01:22:05]} {[%emt 00:06:20]} 9. Nxd5
{[%clk 01:26:11]} {[%emt 00:02:37]} a6 {[%clk 01:21:25]} {[%emt 00:01:07]} 10.
Nxf6+ {[%emt 00:01:54]} gxf6 {[%clk 01:21:37]} {[%emt 00:00:16]} 11. Bxf6
{[%clk 01:14:35]} {[%emt 00:10:46]} Qxf6 {[%clk 01:21:33]} {[%emt 00:00:33]}
12. d5 {[%clk 01:13:20]} {[%emt 00:01:46]} Ne5 {[%clk 01:21:02]} {[%emt
00:01:00]} 13. Bxd7+ {[%clk 01:09:53]} {[%emt 00:03:58]} Nxd7 {[%clk 01:21:18]}
{[%emt 00:00:13]} 14. Qb3 {[%clk 01:09:25]} {[%emt 00:00:59]} b5 {[%clk
01:20:27]} {[%emt 00:01:20]} 15. Nf3 {[%clk 01:07:13]} {[%emt 00:02:44]} c4
{[%clk 01:20:32]} {[%emt 00:00:25]} 16. Qc3 {[%clk 01:07:23]} {[%emt 00:00:19]}
Qxc3+ {[%clk 01:20:33]} {[%emt 00:00:29]} 17. bxc3 {[%clk 01:07:43]} {[%emt
00:00:10]} Bg7 {[%clk 01:20:33]} {[%emt 00:00:29]} 18. Kd2 {[%clk 01:03:51]}
{[%emt 00:04:24]} Ne5 {[%clk 01:20:11]} {[%emt 00:00:52]} 19. Nxe5 {[%clk
01:03:39]} {[%emt 00:00:42]} Bxe5 {[%clk 01:20:27]} {[%emt 00:00:13]} 20. f4
{[%clk 01:03:20]} {[%emt 00:00:50]} Bf6 {[%clk 01:19:58]} {[%emt 00:00:59]} 21.
e4 {[%clk 01:03:24]} {[%emt 00:00:26]} Rd8 {[%clk 01:20:16]} {[%emt 00:00:11]}
22. Kc2 {[%clk 01:03:17]} {[%emt 00:00:37]} Bg7 {[%clk 01:20:04]} {[%emt
00:00:41]} 23. Rad1 {[%clk 01:02:54]} {[%emt 00:00:53]} f6 {[%clk 01:16:07]}
{[%emt 00:04:27]} 24. Rhe1 {[%emt 00:00:54]} O-O {[%emt 00:00:46]} 25. Rd4
{[%clk 01:00:59]} {[%emt 00:02:09]} f5 {[%clk 01:15:31]} {[%emt 00:00:42]} 26.
e5 {[%clk 01:01:13]} {[%emt 00:00:16]} Rfe8 {[%clk 01:14:09]} {[%emt 00:01:52]}
27. d6 {[%clk 01:00:11]} {[%emt 00:01:32]} Re6 {[%clk 01:13:40]} {[%emt
00:00:57]} 28. a4 {[%clk 00:59:01]} {[%emt 00:01:42]} Bf8 {[%clk 01:08:41]}
{[%emt 00:05:28]} 29. axb5 {[%clk 00:58:19]} {[%emt 00:01:12]} axb5 {[%clk
01:07:26]} {[%emt 00:01:45]} 30. g3 {[%clk 00:57:43]} {[%emt 00:01:07]} Kf7
{[%clk 01:07:11]} {[%emt 00:00:44]} 31. h3 {[%clk 00:57:32]} {[%emt 00:00:43]}
Ree8 {[%clk 01:05:35]} {[%emt 00:02:05]} 32. Rb1 {[%clk 00:55:34]} {[%emt
00:02:28]} Rb8 {[%clk 01:04:17]} {[%emt 00:01:47]} 33. Rd5 {[%clk 00:53:36]}
{[%emt 00:02:29]} Red8 {[%clk 01:02:49]} {[%emt 00:01:58]} 34. Rdxb5 {[%clk
00:53:23]} {[%emt 00:00:43]} Rbc8 {[%clk 01:00:25]} {[%emt 00:02:54]} 35. Rb7+
{[%clk 00:52:54]} {[%emt 00:00:59]} Kg6 {[%clk 01:00:18]} {[%emt 00:00:37]} 36.
R1b6 {[%clk 00:52:46]} {[%emt 00:00:38]} Ra8 {[%clk 00:59:34]} {[%emt
00:01:14]} 37. Kb2 {[%clk 00:52:12]} {[%emt 00:01:04]} h5 {[%clk 00:53:05]}
{[%emt 00:06:59]} 38. h4 {[%clk 00:52:22]} {[%emt 00:00:20]} Kh6 {[%clk
00:52:42]} {[%emt 00:00:52]} 39. Rb4 {[%clk 00:50:40]} {[%emt 00:02:12]} Rac8
{[%clk 00:48:52]} {[%emt 00:04:18]} 40. Rc7 {[%clk 00:49:25]} {[%emt 00:01:47]}
Rxc7 {[%clk 00:42:31]} {[%emt 00:06:51]} 41. dxc7 {[%clk 00:48:36]} {[%emt
00:01:20]} Rc8 {[%clk 00:42:07]} {[%emt 00:00:53]} 42. Rb8 {[%clk 00:48:29]}
{[%emt 00:00:38]} Rxc7 {[%clk 00:42:01]} {[%emt 00:00:35]} 43. Rxf8 {[%clk
00:48:53]} {[%emt 00:00:07]} Rg7 {[%clk 00:42:08]} {[%emt 00:00:22]} 44. Rxf5
{[%clk 00:48:30]} {[%emt 00:00:54]} Rxg3 {[%clk 00:42:21]} {[%emt 00:00:17]}
45. Rg5 {[%clk 00:47:26]} {[%emt 00:01:34]} Rg4 {[%clk 00:41:43]} {[%emt
00:01:06]} 46. Rf5 {[%clk 00:46:13]} {[%emt 00:01:44]} Rxh4 {[%clk 00:40:52]}
{[%emt 00:01:20]} 47. e6 {[%clk 00:45:41]} {[%emt 00:01:03]} Rh2+ {[%clk
00:40:50]} {[%emt 00:00:32]} 48. Kc1 {[%clk 00:45:54]} {[%emt 00:00:16]} Re2
{[%clk 00:41:04]} {[%emt 00:00:15]} 49. Re5 {[%clk 00:44:45]} {[%emt 00:01:40]}
Rxe5 {[%clk 00:40:38]} {[%emt 00:00:55]} 50. fxe5 {[%clk 00:45:10]} {[%emt
00:00:07]} Kg7 {[%clk 00:40:52]} {[%emt 00:00:15]} 51. Kd2 {[%clk 00:45:24]}
{[%emt 00:00:16]} Kf8 {[%clk 00:41:07]} {[%emt 00:00:15]} 52. Ke3 {[%clk
00:45:10]} {[%emt 00:00:44]} Ke7 {[%clk 00:41:08]} {[%emt 00:00:28]} 53. Kd4
{[%clk 00:45:20]} {[%emt 00:00:21]} h4 {[%clk 00:41:23]} {[%emt 00:00:15]} 54.
Ke4 {[%clk 00:45:24]} {[%emt 00:00:25]} Kxe6 {[%clk 00:41:22]} {[%emt
00:00:30]} 55. Kf4 {[%clk 00:45:43]} {[%emt 00:00:12]} h3 {[%clk 00:41:36]}
{[%emt 00:00:16]} 56. Kg3 {[%clk 00:46:05]} {[%emt 00:00:08]} Kxe5 {[%clk
00:41:58]} {[%emt 00:00:09]} 57. Kxh3 {[%clk 00:46:25]} {[%emt 00:00:10]} Ke4
{[%clk 00:42:21]} {[%emt 00:00:06]} 58. Kg3 {[%clk 00:46:49]} {[%emt 00:00:06]}
Kd3 {[%clk 00:42:25]} {[%emt 00:00:26]} 59. Kf2 {[%clk 00:47:04]} {[%emt
00:00:15]} Kxc3 {[%clk 00:42:45]} {[%emt 00:00:10]} 60. Ke2 {[%clk 00:47:31]}
{[%emt 00:00:03]} Kb2 {[%clk 00:43:07]} {[%emt 00:00:07]} 61. Kd2 {[%clk
00:47:55]} {[%emt 00:00:06]} c3 {[%emt 00:01:24]} 0-1

[Event "DVM U12 2023"]
[Site "Magdeburg GER"]
[Date "2023.12.27"]
[Round "2"]
[White "Hefele, Stefanie"]
[Black "Färber, Anna"]
[Result "0-1"]
[Termination "normal"]
[Board "6.3"]
[WhiteElo "1174"]
[BlackElo "1345"]
[WhiteClock "00:39:45"]
[BlackClock "00:28:10"]
[WhiteTeam "TV Tegernsee"]
[BlackTeam "SV 1947 Walldorf"]
[PlyCount "74"]
[WhiteFideId "34612041"]
[BlackFideId "34633480"]
[EventCountry "GER"]
[EventRounds "7"]
[EventType "team-swiss"]
[EventDate "2023.12.26"]

1. e4 {[%clk 01:30:59]} {[%emt 00:00:01]} e6 {[%clk 01:30:52]} {[%emt
00:00:08]} 2. d4 {[%clk 01:31:08]} {[%emt 00:00:21]} d5 {[%clk 01:31:19]}
{[%emt 00:00:03]} 3. Nc3 {[%clk 01:30:58]} {[%emt 00:00:40]} Bb4 {[%clk
01:31:37]} {[%emt 00:00:12]} 4. Bd2 {[%clk 01:30:26]} {[%emt 00:01:02]} Ne7
{[%clk 01:30:50]} {[%emt 00:01:17]} 5. Nf3 {[%clk 01:30:20]} {[%emt 00:00:36]}
O-O {[%clk 01:29:02]} {[%emt 00:02:17]} 6. Bd3 {[%clk 01:30:11]} {[%emt
00:00:40]} Nbc6 {[%clk 01:25:52]} {[%emt 00:03:40]} 7. O-O {[%clk 01:28:40]}
{[%emt 00:02:01]} dxe4 {[%emt 00:01:16]} 8. Nxe4 {[%clk 01:27:25]} {[%emt
00:01:38]} Bxd2 {[%clk 01:24:40]} {[%emt 00:01:03]} 9. Qxd2 {[%clk 01:27:06]}
{[%emt 00:00:49]} Nxd4 {[%clk 01:21:28]} {[%emt 00:03:42]} 10. Nxd4 {[%clk
01:25:59]} {[%emt 00:01:37]} Qxd4 {[%clk 01:21:34]} {[%emt 00:00:22]} 11. Ng5
{[%clk 01:23:41]} {[%emt 00:02:50]} Ng6 {[%clk 01:19:53]} {[%emt 00:02:10]} 12.
Rab1 {[%clk 01:20:25]} {[%emt 00:03:47]} Qd5 {[%clk 01:17:00]} {[%emt
00:03:19]} 13. c4 {[%clk 01:17:34]} {[%emt 00:03:25]} Qd7 {[%clk 01:14:25]}
{[%emt 00:03:03]} 14. Rfd1 {[%clk 01:16:09]} {[%emt 00:01:58]} Rd8 {[%clk
01:12:43]} {[%emt 00:02:11]} 15. Bxg6 {[%clk 01:14:12]} {[%emt 00:02:28]} Qxd2
{[%clk 01:05:05]} {[%emt 00:08:08]} 16. Rxd2 {[%clk 01:13:55]} {[%emt
00:00:47]} Rxd2 {[%clk 01:05:15]} {[%emt 00:00:21]} 17. Bxh7+ {[%clk 01:13:33]}
{[%emt 00:00:51]} Kf8 {[%clk 01:04:31]} {[%emt 00:01:13]} 18. Be4 {[%clk
01:11:41]} {[%emt 00:02:24]} Rd4 {[%clk 01:01:25]} {[%emt 00:03:33]} 19. Bf3
{[%clk 01:04:00]} {[%emt 00:08:13]} Rxc4 {[%clk 00:57:35]} {[%emt 00:04:20]}
20. h3 {[%clk 01:02:37]} {[%emt 00:01:53]} Rd4 {[%clk 00:55:43]} {[%emt
00:02:21]} 21. Rc1 {[%clk 00:59:48]} {[%emt 00:03:19]} c6 {[%clk 00:55:01]}
{[%emt 00:01:10]} 22. Ne4 {[%clk 00:53:53]} {[%emt 00:06:26]} Ke7 {[%clk
00:52:36]} {[%emt 00:02:55]} 23. Rc5 {[%clk 00:52:25]} {[%emt 00:01:59]} f6
{[%clk 00:50:59]} {[%emt 00:02:06]} 24. g4 {[%clk 00:51:41]} {[%emt 00:01:14]}
e5 {[%clk 00:48:59]} {[%emt 00:02:29]} 25. g5 {[%clk 00:47:34]} {[%emt
00:04:38]} Bxh3 {[%clk 00:45:33]} {[%emt 00:03:56]} 26. gxf6+ {[%clk 00:45:18]}
{[%emt 00:02:47]} gxf6 {[%clk 00:45:38]} {[%emt 00:00:25]} 27. Rc3 {[%clk
00:43:42]} {[%emt 00:02:06]} Rg8+ {[%clk 00:42:46]} {[%emt 00:03:21]} 28. Kh2
{[%clk 00:43:25]} {[%emt 00:00:48]} Bf5 {[%clk 00:41:28]} {[%emt 00:01:47]} 29.
Ng3 {[%clk 00:42:22]} {[%emt 00:01:34]} Be6 {[%clk 00:38:39]} {[%emt 00:03:18]}
30. Kg2 {[%clk 00:40:32]} {[%emt 00:02:22]} Bd5 {[%clk 00:35:53]} {[%emt
00:03:16]} 31. Bxd5 {[%clk 00:40:39]} {[%emt 00:00:23]} Rxd5 {[%clk 00:36:08]}
{[%emt 00:00:15]} 32. Kf3 {[%clk 00:40:08]} {[%emt 00:01:00]} Rgd8 {[%clk
00:32:07]} {[%emt 00:04:30]} 33. Nf5+ {[%clk 00:40:08]} {[%emt 00:00:31]} Ke6
{[%clk 00:30:49]} {[%emt 00:01:48]} 34. Ng7+ {[%clk 00:40:09]} {[%emt
00:00:29]} Kf7 {[%clk 00:30:55]} {[%emt 00:00:23]} 35. Nf5 {[%clk 00:39:55]}
{[%emt 00:00:46]} Rd3+ {[%clk 00:29:47]} {[%emt 00:01:38]} 36. Ke4 {[%clk
00:39:26]} {[%emt 00:00:59]} Rxc3 {[%clk 00:28:30]} {[%emt 00:01:48]} 37. bxc3
{[%clk 00:39:45]} {[%emt 00:00:10]} Rd2 {[%clk 00:28:10]} {[%emt 00:00:50]} 0-1

[Event "DVM U12 2023"]
[Site "Magdeburg GER"]
[Date "2023.12.27"]
[Round "2"]
[White "Mehner, Clara"]
[Black "Ensslen, Jakob"]
[Result "1/2-1/2"]
[Termination "normal"]
[Board "7.1"]
[WhiteElo "1387"]
[BlackElo "1624"]
[WhiteClock "00:29:32"]
[BlackClock "00:17:46"]
[WhiteTeam "USG Chemnitz"]
[BlackTeam "Karlsruher SF 1853"]
[PlyCount "91"]
[WhiteFideId "34612165"]
[BlackFideId "34640258"]
[EventCountry "GER"]
[EventRounds "7"]
[EventType "team-swiss"]
[EventDate "2023.12.26"]

1. e4 {[%clk 01:30:58]} {[%emt 00:00:01]} e5 {[%clk 01:30:56]} {[%emt
00:00:04]} 2. Nf3 {[%clk 01:31:19]} {[%emt 00:00:09]} Nf6 {[%clk 01:31:23]}
{[%emt 00:00:04]} 3. Nxe5 {[%clk 01:31:30]} {[%emt 00:00:19]} d6 {[%clk
01:31:46]} {[%emt 00:00:07]} 4. Nf3 {[%clk 01:31:28]} {[%emt 00:00:31]} Nxe4
{[%clk 01:32:13]} {[%emt 00:00:04]} 5. Bc4 {[%clk 01:30:07]} {[%emt 00:01:51]}
d5 {[%clk 01:31:58]} {[%emt 00:00:45]} 6. Bb3 {[%clk 01:28:54]} {[%emt
00:01:42]} c6 {[%clk 01:29:35]} {[%emt 00:02:54]} 7. d3 {[%clk 01:26:22]}
{[%emt 00:03:01]} Nf6 {[%clk 01:29:57]} {[%emt 00:00:08]} 8. Bg5 {[%clk
01:24:25]} {[%emt 00:02:27]} Be7 {[%clk 01:28:45]} {[%emt 00:01:42]} 9. O-O
{[%clk 01:17:18]} {[%emt 00:07:38]} O-O {[%clk 01:28:56]} {[%emt 00:00:19]} 10.
Re1 {[%clk 01:14:13]} {[%emt 00:03:34]} Re8 {[%clk 01:27:18]} {[%emt 00:02:07]}
11. Nbd2 {[%clk 01:10:21]} {[%emt 00:04:23]} Bf5 {[%clk 01:24:31]} {[%emt
00:03:17]} 12. Nf1 {[%clk 01:07:56]} {[%emt 00:02:55]} Nbd7 {[%clk 01:22:58]}
{[%emt 00:02:04]} 13. Ng3 {[%clk 01:03:47]} {[%emt 00:04:38]} Bg6 {[%clk
01:21:03]} {[%emt 00:02:24]} 14. Qd2 {[%clk 01:00:13]} {[%emt 00:04:05]} Nc5
{[%clk 01:17:21]} {[%emt 00:04:12]} 15. Re2 {[%clk 00:54:02]} {[%emt 00:06:42]}
a5 {[%clk 01:15:18]} {[%emt 00:02:34]} 16. a3 {[%clk 00:42:04]} {[%emt
00:12:28]} h6 {[%clk 01:08:00]} {[%emt 00:07:48]} 17. Be3 {[%clk 00:36:47]}
{[%emt 00:05:46]} Bd6 {[%clk 01:00:45]} {[%emt 00:07:45]} 18. Ba2 {[%clk
00:32:58]} {[%emt 00:04:20]} Ne6 {[%clk 00:56:50]} {[%emt 00:04:24]} 19. Nf1
{[%clk 00:27:42]} {[%emt 00:05:46]} d4 {[%clk 00:43:17]} {[%emt 00:14:04]} 20.
Nxd4 {[%clk 00:22:21]} {[%emt 00:05:51]} Nxd4 {[%clk 00:42:54]} {[%emt
00:00:52]} 21. Bxd4 {[%clk 00:21:23]} {[%emt 00:01:29]} Bxh2+ {[%clk 00:43:10]}
{[%emt 00:00:14]} 22. Nxh2 {[%clk 00:21:14]} {[%emt 00:00:39]} Qxd4 {[%clk
00:43:30]} {[%emt 00:00:09]} 23. c3 {[%clk 00:19:32]} {[%emt 00:02:12]} Qxd3
{[%clk 00:39:41]} {[%emt 00:04:20]} 24. Rxe8+ {[%clk 00:17:26]} {[%emt
00:02:36]} Rxe8 {[%clk 00:39:40]} {[%emt 00:00:31]} 25. Qxd3 {[%clk 00:15:34]}
{[%emt 00:02:22]} Bxd3 {[%clk 00:40:01]} {[%emt 00:00:08]} 26. Rd1 {[%clk
00:15:36]} {[%emt 00:00:29]} Bc2 {[%clk 00:35:58]} {[%emt 00:04:33]} 27. Rd2
{[%clk 00:13:32]} {[%emt 00:02:34]} Re1+ {[%clk 00:35:23]} {[%emt 00:01:05]}
28. Nf1 {[%clk 00:13:48]} {[%emt 00:00:14]} Bf5 {[%clk 00:34:14]} {[%emt
00:01:39]} 29. f3 {[%clk 00:13:01]} {[%emt 00:01:17]} g6 {[%clk 00:32:48]}
{[%emt 00:01:55]} 30. Kf2 {[%clk 00:12:37]} {[%emt 00:00:54]} Re5 {[%clk
00:29:00]} {[%emt 00:04:17]} 31. Ne3 {[%clk 00:10:48]} {[%emt 00:02:20]} Be6
{[%clk 00:26:47]} {[%emt 00:02:43]} 32. Rd8+ {[%clk 00:09:21]} {[%emt
00:01:58]} Kg7 {[%clk 00:26:05]} {[%emt 00:01:12]} 33. Bxe6 {[%clk 00:08:44]}
{[%emt 00:01:07]} Rxe6 {[%clk 00:25:54]} {[%emt 00:00:40]} 34. Ra8 {[%clk
00:08:15]} {[%emt 00:00:58]} b6 {[%clk 00:21:34]} {[%emt 00:04:51]} 35. Nc4
{[%clk 00:05:01]} {[%emt 00:03:44]} Nd5 {[%clk 00:19:28]} {[%emt 00:02:36]} 36.
Rb8 {[%clk 00:04:45]} {[%emt 00:00:47]} c5 {[%clk 00:17:21]} {[%emt 00:02:37]}
37. Rd8 {[%clk 00:04:01]} {[%emt 00:01:14]} Nf6 {[%clk 00:08:21]} {[%emt
00:09:30]} 38. Rb8 {[%clk 00:03:13]} {[%emt 00:01:18]} Nd7 {[%clk 00:04:31]}
{[%emt 00:04:20]} 39. Rb7 {[%clk 00:02:28]} {[%emt 00:01:16]} Ne5 {[%clk
00:02:10]} {[%emt 00:02:51]} 40. Nxe5 {[%clk 00:01:58]} {[%emt 00:00:59]} Rxe5
{[%clk 00:02:32]} {[%emt 00:00:08]} 41. Rxb6 {[%clk 00:02:18]} {[%emt
00:00:11]} c4 {[%clk 00:02:00]} {[%emt 00:01:02]} 42. a4 {[%clk 00:00:40]}
{[%emt 00:02:08]} Re7 {[%clk 00:18:11]} {[%emt 00:14:18]} 43. Rb5 {[%clk
00:29:56]} {[%emt 00:01:14]} Ra7 {[%clk 00:17:48]} {[%emt 00:00:54]} 44. Rc5
{[%clk 00:29:29]} {[%emt 00:00:57]} Rb7 {[%clk 00:18:00]} {[%emt 00:00:17]} 45.
Rb5 {[%clk 00:29:29]} {[%emt 00:00:29]} Ra7 {[%clk 00:17:46]} {[%emt 00:00:45]}
46. Rc5 {[%clk 00:29:32]} {[%emt 00:00:27]} 1/2-1/2